Poetas de Sevilla; de la generación del "27" a los "taifas" del cincuenta y tantos / (Registro nro. 13200)

Detalles MARC
000 -LEADER
fixed length control field 00681nam a22001937a 4500
003 - CONTROL NUMBER IDENTIFIER
control field DO-SdBNP
005 - DATE AND TIME OF LATEST TRANSACTION
control field 20171129101231.0
008 - FIXED-LENGTH DATA ELEMENTS--GENERAL INFORMATION
fixed length control field 171129b 1971 sp ||||| |||| 00| 0 spa d
040 ## - CATALOGING SOURCE
Original cataloging agency BPMSU
Language of cataloging sp
Transcribing agency BPMSU
092 ## - LOCALLY ASSIGNED DEWEY CALL NUMBER (OCLC)
Classification number xxxx
Item number xxxx
100 1# - MAIN ENTRY--PERSONAL NAME
Personal name Ruiz-Copete, Juan de Dios,
Dates associated with a name 1929-
245 10 - TITLE STATEMENT
Title Poetas de Sevilla; de la generación del "27" a los "taifas" del cincuenta y tantos /
Statement of responsibility, etc. Juan de Dios Ruiz-Copete.
260 ## - PUBLICATION, DISTRIBUTION, ETC. (IMPRINT)
Place of publication, distribution, etc. Sevilla :
Name of publisher, distributor, etc. González Cabañas,
Date of publication, distribution, etc. 1971.
300 ## - PHYSICAL DESCRIPTION
Extent 397 p. :
Other physical details il., retrs. ;
Dimensions 22 cm.
500 ## - GENERAL NOTE
General note Incluye datos del autor en la solapa de la cubierta
942 ## - ADDED ENTRY ELEMENTS (KOHA)
Source of classification or shelving scheme Dewey Decimal Classification
Koha item type Libros
945 ## - LOCAL PROCESSING INFORMATION (OCLC)
a Inventariado 2017 /LP
956 ## - LOCAL ELECTRONIC LOCATION AND ACCESS (OCLC)
Host name LOPEREZ
Access number 10
Compression information 20171129
Path 0041
Existencias
Withdrawn status Lost status Source of classification or shelving scheme Damaged status Not for loan Collection code Home library Current library Date acquired Source of acquisition Total Checkouts Barcode Date last seen Price effective from Koha item type
    Dewey Decimal Classification     Colección General Biblioteca Pública Metropolitana Salomé Ureña Biblioteca Pública Metropolitana Salomé Ureña 11/29/2017 Donación   BPMSU7110525 11/29/2017 11/29/2017 Libros